000 00828nam a2200253 a 4500
999 _c2389
_d2389
008 200316s2018 ii ad||g m|||a00| 0 eng d
040 _aKO
_beng
041 0 _aeng
044 _aii
082 0 4 _223
_a378.242
_bIRM1750
100 1 _aLenin, T
_eResearcher
245 2 0 _aA Study on Port Operations and Port Management /
_cT. Lenin ; Guide Dr. U. Sreejith
260 _aKochi :
_bIndian Maritime University,
_c2018
300 _a66 p. :
_bill., charts ;
_c29 cm.
490 0 _aMBA Internship 2017-19 ;
_v1705304020
502 _aInternship (MBA)–Indian Maritime University. School of Maritime Management, 2019.
650 0 _aPort au Port Peninsula (N.L.)
650 0 _aHarbors
655 7 _2lcsh
_aDissertations, Academic
_y2018
700 1 _aSreejith, U.
_cDr.
_eGuide
904 _aReshma_R
942 _cTH